000 01101nam a2200289 i 4500
001 bg
100 1 _aBROOKS, Frederick P.
245 1 0 _aMityczny osobomiesiąc :
_beseje o inżynierii oprogramowania /
_cFrederick P. Brooks ; z ang. przeł. Andrzej Ehrlich.
246 _iTyt. oryg.:
_aThe mythical man-month : essays on software engineering
260 _aWarszawa :
_bWydawnictwa Naukowo-Techniczne,
_c2000.
300 _a295, [1] s. :
_bil. ;
_c24 cm.
490 1 _aLudzie, Komputery, Informacja
500 _aTyt. oryg. : "The mythical man-month : essays on software engineering" 1995.
504 _aIndeks.
650 9 _aPraca zespołowa
_xorganizacja
650 9 _aProgramowanie (informat.)
_xprojekty
650 9 _aSystemy informatyczne
_xprojekty
_zStany Zjednoczone
830 _aLudzie, Komputery, Informacja
020 _a8320424674
040 _cBPK
041 1 _apl
_hen
080 _a004.41:331.103
920 _a83-204-2467-4
942 _cKS
008 s pl f |000 0 pol
999 _c39387
_d39387
856 _uhttp://koha.tu.koszalin.pl/cgi-bin/koha/opac-detail.pl?biblionumber=39387
_yKatalog online BPK